书目信息 |
| 题名: |
晶体生长
|
|
| 作者: | Pamplin , 潘普林 著 ;刘如水 译 | |
| 分册: | ||
| 出版信息: | 北京 中国建筑工业出版社 1981 |
|
| 页数: | 507页 | |
| 开本: | 25cm | |
| 丛书名: | ||
| 单 册: | ||
| 中图分类: | O781 | |
| 科图分类: | ||
| 主题词: | 晶体生长 | |
| 电子资源: | ||
| ISBN: | ||
| 000 | 00761nam0 2200277 45 | |
| 001 | 0181004991 | |
| 005 | 20061121094711.90 | |
| 010 | @dCNY5.00 | |
| 091 | @aCN@b15040.4045 | |
| 100 | @a19950623d1981 em y0chiy0121 ea | |
| 101 | 1 | @achi@ceng |
| 102 | @aCN@b110000 | |
| 105 | @ay z 000yy | |
| 200 | 10 | @a晶体生长@Ajing ti sheng zhang@f(英)潘普林(B.R.Pamplin)著@g刘如水译 |
| 210 | @a北京@c中国建筑工业出版社@d1981 | |
| 215 | @a507页@d25cm | |
| 300 | @a书名原文:Crystal Growth | |
| 510 | 1 | @aCrystal Growth@zeng |
| 606 | @a晶体生长 | |
| 690 | @aO781@v3 | |
| 701 | A1 | @aPamplin@bB.R.@4著 |
| 701 | 1 | @a潘普林@Apan pu lin@bB.R.@4著 |
| 702 | 0 | @a刘如水@Aliu ru shui@4译 |
| 801 | 2 | @aCN@bNLC@c20061121 |
| 801 | 0 | @aCN@bTSSF |
| 905 | @a10447@dO781@e2 | |
| 晶体生长/(英)潘普林(B.R.Pamplin)著/刘如水译.-北京:中国建筑工业出版社,1981 |
| 507页;25cm |
| 书名原文:Crystal Growth |
| ISBN :CNY5.00 |
| ● |
| 相关链接 |
|
|
|
|
正题名:晶体生长
索取号:O781/2
 
预约/预借
| 序号 | 登录号 | 条形码 | 馆藏地/架位号 | 状态 | 备注 |
| 1 | 0056132 | 000627664 | 第二样本阅览室/ [索取号:O781/2] | 在馆 |